[Event "SLO-chT2 Ost"]
[Site "Maribor"]
[Date "2009.09.05"]
[Round "6"]
[White "Weiss, Emil"]
[Black "Kolar, Drago"]
[Result "0-1"]
[WhiteElo "1720"]
[BlackElo "1879"]
[PlyCount "92"]
[EventDate "2009.05.30"]
[EventType "team-tourn"]
[EventRounds "9"]
[EventCountry "SLO"]
[SourceTitle "EXT 2022"]
[Source "ChessBase"]
[SourceDate "2021.10.06"]
[SourceVersion "1"]
[SourceVersionDate "2021.10.06"]
[SourceQuality "1"]

1. e4 c6 2. Nf3 d5 3. exd5 cxd5 4. d4 Bf5 5. Bd3 Bxd3 6. Qxd3 a6 7. Bf4 Nc6 8. c3 e6 9. 0-0 Bd6 10. Bg3 Bxg3 11. fxg3 Nf6 12. Nbd2 0-0 13. Qc2 b5 14. a3 a5 15. Qd3 Qb6 16. Nb3 Ne4 17. Nfd2 Nxd2 18. Qxd2 b4 19. Nc5 Qc7 20. axb4 axb4 21. cxb4 Rfc8 22. Rac1 Qb8 23. Qf4 Qxf4 24. gxf4 Nxd4 25. Ra1 Rxa1 26. Rxa1 Ne2+ 27. Kf2 Nxf4 28. b5 g5 29. b6 Rxc5 30. b7 Rc2+ 31. Kf3 Rxb2 32. Ra8+ Kg7 33. b8Q Rxb8 34. Rxb8 h5 35. Rb3 Kf6 36. g3 Ng6 37. Rb8 Ne5+ 38. Ke3 Kg7 39. h3 Nd7 40. Rb5 Nf6 41. Ra5 Ne4 42. Kf3 Nd2+ 43. Ke2 Nc4 44. Rc5 g4 45. h4 Nd6 46. Ke3 Ne4 0-1

[Event "SLO-chT2 East"]
[Site "Velenje"]
[Date "2006.10.03"]
[Round "7"]
[White "Kolar, Drago"]
[Black "Weiss, Emil"]
[Result "1/2-1/2"]
[WhiteElo "1907"]
[BlackElo "1733"]
[PlyCount "28"]
[EventDate "2006.05.21"]
[EventType "team"]
[EventRounds "9"]
[EventCountry "SLO"]
[SourceTitle "EXT 2008"]
[Source "ChessBase"]
[SourceDate "2007.11.25"]
[SourceVersion "1"]
[SourceVersionDate "2007.11.25"]
[SourceQuality "1"]

1. d4 d6 2. c4 c5 3. dxc5 Qa5+ 4. Nc3 Qxc5 5. e3 g6 6. Qd4 Qxd4 7. exd4 Bg7 8. Be3 Nf6 9. Nf3 0-0 10. Bd3 a6 11. 0-0 Nc6 12. a3 Ng4 13. h3 Nxe3 14. fxe3 e6 1/2-1/2

[Event "SLO-chT2 East"]
[Site "Velenje"]
[Date "2006.09.17"]
[Round "4"]
[White "Weiss, Emil"]
[Black "Pecar, Maks"]
[Result "1-0"]
[WhiteElo "1733"]
[BlackElo "1605"]
[PlyCount "109"]
[EventDate "2006.05.21"]
[EventType "team"]
[EventRounds "9"]
[EventCountry "SLO"]
[SourceTitle "EXT 2008"]
[Source "ChessBase"]
[SourceDate "2007.11.25"]
[SourceVersion "1"]
[SourceVersionDate "2007.11.25"]
[SourceQuality "1"]

1. e4 c6 2. c4 d5 3. d3 dxe4 4. dxe4 Qxd1+ 5. Kxd1 Nf6 6. f3 g6 7. Nc3 Bg7 8. Kc2 c5 9. Be3 b6 10. a3 Bb7 11. Nh3 Nc6 12. Nf2 e6 13. Nb5 Rd8 14. Rd1 Rxd1 15. Nxd1 Ke7 16. Nf2 Rd8 17. Be2 a6 18. Nc3 Nd4+ 19. Bxd4 Rxd4 20. Rd1 Nd7 21. b3 h5 22. Bd3 Ne5 23. Na4 Rd6 24. Be2 Rxd1 25. Nxd1 Nd7 26. Bd3 Bc6 27. Nac3 Bd4 28. Ne2 e5 29. b4 Ba4+ 30. Kd2 b5 31. Ndc3 bxc4 32. Bxc4 Bc6 33. Bxa6 cxb4 34. axb4 Bb6 35. Kd3 Kd6 36. Bc4 f6 37. Bf7 Nf8 38. Kc4 h4 39. g3 hxg3 40. hxg3 f5 41. Bd5 fxe4 42. Nxe4+ Kc7 43. N2c3 Nd7 44. Nc5 Nf6 45. Bxc6 Kxc6 46. Nd3 Bc7 47. b5+ Kb7 48. g4 Bd6 49. g5 Nd7 50. Kd5 Bc7 51. Nc5+ Nxc5 52. Kxc5 Bd8 53. Ne4 Bb6+ 54. Kd5 Bd4 55. f4 1-0

[Event "SLO-chT2 East"]
[Site "Velenje"]
[Date "2006.06.06"]
[Round "2"]
[White "Nikl, Gregor"]
[Black "Weiss, Emil"]
[Result "1/2-1/2"]
[WhiteElo "1664"]
[BlackElo "1733"]
[PlyCount "136"]
[EventDate "2006.05.21"]
[EventType "team"]
[EventRounds "9"]
[EventCountry "SLO"]
[SourceTitle "EXT 2008"]
[Source "ChessBase"]
[SourceDate "2007.11.25"]
[SourceVersion "1"]
[SourceVersionDate "2007.11.25"]
[SourceQuality "1"]

1. d4 e6 2. c4 d5 3. Nf3 Nf6 4. Bg5 Be7 5. g3 c6 6. Bg2 Nbd7 7. b3 a5 8. 0-0 h6 9. Bxf6 Nxf6 10. Qd3 b6 11. Nbd2 Ba6 12. Ne5 Bb7 13. e4 0-0 14. Rac1 Nd7 15. Ndf3 Nxe5 16. Nxe5 g6 17. Qe3 Kg7 18. Rfe1 dxc4 19. bxc4 Qd6 20. Rcd1 Qa3 21. Bh3 Qxe3 22. Rxe3 Rad8 23. Rb3 Bc5 24. Rbd3 Bd6 25. Ng4 Bc7 26. Ne3 f5 27. e5 Rd7 28. f4 Rfd8 29. Bg2 Bb8 30. d5 b5 31. cxb5 cxd5 32. a4 Ba7 33. Kf2 Rc7 34. Ke2 Bxe3 35. Kxe3 Rc4 36. Rd4 Rc2 37. R1d2 Rc5 38. h3 Rdc8 39. g4 Rc3+ 40. R2d3 Rc2 41. Bf1 Rc1 42. Rd1 R8c3+ 43. Ke2 Kf7 44. Bg2 Ke7 45. Rxc1 Rxc1 46. Kd2 Rg1 47. Bf3 Rg3 48. Rd3 Rxh3 49. Rc3 Rh2+ 50. Kd3 Kd7 51. b6 Bc6 52. Rc5 Ra2 53. Bd1 Rb2 54. gxf5 gxf5 55. Rxa5 Rxb6 56. Ra7+ Rb7 57. Rxb7+ Bxb7 58. Kd4 Kc6 59. Be2 Kb6 60. Bb5 Bc8 61. Be8 Kc7 62. Kc5 Bd7 63. Bf7 h5 64. Bxh5 Bxa4 65. Bf7 Kd7 66. Bh5 Ke7 67. Be2 Kd7 68. Bh5 Ke7 1/2-1/2